[Event "HUN-chT U10"]
[Site "Budapest"]
[Date "2015.08.30"]
[Round "8.6"]
[White "Rahimkulov, Margarita"]
[Black "Geczi Zajzon, Kristof"]
[Result "0-1"]
[WhiteElo "1284"]
[BlackElo "1180"]
[PlyCount "100"]
[EventDate "2015.08.26"]
[EventType "team-swiss"]
[EventRounds "8"]
[EventCountry "HUN"]
[SourceTitle "EXT 2016"]
[Source "ChessBase"]
[SourceDate "2015.10.08"]
[SourceVersion "1"]
[SourceVersionDate "2015.10.08"]
[SourceQuality "1"]

1. d4 d5 2. Nf3 Nf6 3. c4 c6 4. g3 Bg4 5. Bg2 e6 6. 0-0 Be7 7. Nc3 Nbd7 8. Bf4 0-0 9. Qb3 Qb6 10. Qxb6 Nxb6 11. cxd5 Nbxd5 12. Bd2 Rab8 13. Nxd5 Nxd5 14. e4 Nf6 15. Rfe1 Rfd8 16. Bf4 Rbc8 17. Rad1 Bb4 18. Bd2 Bxd2 19. Rxd2 Bxf3 20. Bxf3 g5 21. h3 Kg7 22. Red1 Kg6 23. Kf1 h5 24. d5 cxd5 25. exd5 exd5 26. Bxd5 Nxd5 27. Rxd5 Rxd5 28. Rxd5 Rc7 29. Ke2 Rc2+ 30. Rd2 Rxd2+ 31. Kxd2 Kf5 32. Ke3 Ke5 33. f4+ gxf4+ 34. gxf4+ Kd5 35. Kd3 h4 36. b3 b6 37. a3 a6 38. Ke3 b5 39. Kd3 a5 40. a4 bxa4 41. bxa4 f5 42. Kc3 Ke4 43. Kc4 Kxf4 44. Kb5 Kg3 45. Kxa5 f4 46. Kb6 f3 47. a5 f2 48. a6 f1Q 49. a7 Qg1+ 50. Kb7 Qxa7+ 0-1